| 000 | 00945nam a2200241 a 4500 | ||
|---|---|---|---|
| 001 | BRCA_6296 | ||
| 005 | 20190320205413.0 | ||
| 008 | 040811s1812----sp-#######---#000-0#spa-# | ||
| 041 | _aspa | ||
| 044 | _asp | ||
| 050 | 4 |
_aF1231.I8 _b.L67 1812 |
|
| 100 | 1 |
_aLopez Cancelada, Juan _915790 |
|
| 245 | 1 | 0 |
_aConducta del excelentisimo señor don Jose Iturrigaray durante su gobierno en Nueva España _bse contesta a la vindicación que publicó don Facundo Lizarza. Cuaderno tercero y segundo en la materia _cpor Juan Lopez Cancelada. |
| 260 |
_aCádiz _bImprenta del Estado-mayor-general _c1812 |
||
| 300 |
_a135 p. _c21 cm. |
||
| 500 | _aEstado físico: encuadernación deteriorada. El libro se encuentra en un sobre | ||
| 500 | _aC43 | ||
| 600 | 1 | 4 |
_aIturrigaray y Aróstegui, José de _d1742-1815 _98149 |
| 600 | 1 | 4 |
_aLizarza, Facundo de _915791 |
| 651 | 4 |
_aMéxico _xPolítica y gobierno _y1810-1821 _91016 |
|
| 902 | _aGFM | ||
| 942 |
_2lcc _cB |
||
| 999 |
_c5982 _d5982 |
||